00917nam a22002297a 45000010005000000030006000050050017000110080041000280200018000690400029000870820013001161000021001292450049001502600038001993000044002374900020002815050008003015200306003095210029006155210020006446500023006644875FISKH20241022124506.0241022b cb ||||| |||| 00| 0 eng d a9781407124117 aFISKHbengcFISKHdFISKH a364.1092 aMacDonald, Alan  aAl Capone and His Gang / cby Alan MacDonald aNew York : bScholastic ;c1999 . a192 pages : billustrations ;c20 cm .  aHorribly Famous aS  aYou've probably heard of Al Capone. He is dead famous for: being handy with a machine gun, having one or two scars and hanging around with a rather nasty gang. But have you heard that Al: lived with his mum all his life, was a trend-setter in banana-coloured suits and went bananas in Alcatraz prison?8 a790 bLexile estimate 8 aS bRaz-Plus  acrimevnon-fiction